Semiocapitalismo contra el clima : por una urgente e imprescindible movilización social /

Detalles Bibliográficos
Autor principal: Caro, Antonio (Autor)
Formato: Electrónico eBook
Lenguaje:español
Publicado: Buenos Aires : Sb Editorial, [2024]
Colección:deSignis. Contemporánea.
Materias:
Acceso en línea:Digitalia Hispánica

MARC

LEADER 00000nam a2200000 i 4500
001 DIGSBED0172
003 NyNyDIG
007 cr |||||||||||
008 251002s2024 ag ob 000 0 spa d
006 m o d
035 |a (OCoLC)1545261291 
040 |a DGITA  |b eng  |e rda  |e pn  |c DGITA 
020 |z 9786316593498 
050 1 4 |a QC903 ebook 
100 1 |a Caro, Antonio,  |e author. 
245 1 0 |a Semiocapitalismo contra el clima :  |b por una urgente e imprescindible movilización social /  |c Antonio Caro. 
264 1 |a Buenos Aires :  |b Sb Editorial,  |c [2024] 
300 |a 1 online resource. 
336 |a text  |b txt  |2 rdacontent 
337 |a computer  |b c  |2 rdamedia 
338 |a online resource  |b cr  |2 rdacarrier 
347 |a text file  |2 rdaft 
347 |b PDF 
490 1 |a Colección deSignis. Serie contemporánea 
504 |a Includes bibliographical references. 
588 0 |a Online resource; title from PDF title page (Digitalia, viewed October 2, 2025) 
650 0 |a Climatic changes  |x Economic aspects. 
650 0 |a Climatic changes  |x Social aspects. 
650 0 |a Capitalism. 
791 2 |a Digitalia (Firm),  |e distributor. 
793 0 |g Digitalia eBook Collection:  |a Sb Editorial 
776 0 8 |i Print version:  |a Caro, Antonio.  |t Semiocapitalismo contra el clima.  |b 1a edición.  |d Buenos Aires : Sb Editorial, [2024]  |z 9786316593498 
830 0 |a deSignis.  |p Contemporánea. 
856 4 0 |3 Digitalia Hispánica  |u https://www.digitaliapublishing.com/a/180292/ 
910 |a Premium collection: 2025